<?xml version="1.0" encoding="UTF-8"?>
<collection xmlns="http://www.loc.gov/MARC21/slim">
 <record>
  <leader>03169ntm a22005177i 4500</leader>
  <controlfield tag="001">000614588</controlfield>
  <controlfield tag="003">CZ-PrVSE</controlfield>
  <controlfield tag="005">20190909112111.0</controlfield>
  <controlfield tag="006">m        d</controlfield>
  <controlfield tag="007">cr n||||||||||</controlfield>
  <controlfield tag="008">190909s2019    xr     fsbm   000 0 eng d</controlfield>
  <datafield tag="STA" ind1=" " ind2=" ">
   <subfield code="a">NEZPRACOVANÝ IMPORT</subfield>
  </datafield>
  <datafield tag="040" ind1=" " ind2=" ">
   <subfield code="a">ABA006</subfield>
   <subfield code="b">cze</subfield>
   <subfield code="c">ABA006</subfield>
   <subfield code="d">ABA006</subfield>
   <subfield code="e">rda</subfield>
  </datafield>
  <datafield tag="100" ind1="1" ind2=" ">
   <subfield code="a">Čechová, Gabriela</subfield>
   <subfield code="%">ISIS:79937</subfield>
   <subfield code="4">dis</subfield>
  </datafield>
  <datafield tag="242" ind1="1" ind2="0">
   <subfield code="a">Hodnocení vlivu inovačních dotací na výkonnost firem</subfield>
   <subfield code="y">eng</subfield>
  </datafield>
  <datafield tag="245" ind1="1" ind2="0">
   <subfield code="a">Estimating Effect of Subsidies on SME Performance and Growth /</subfield>
   <subfield code="c">Gabriela Čechová</subfield>
  </datafield>
  <datafield tag="264" ind1=" " ind2="0">
   <subfield code="c">2019</subfield>
  </datafield>
  <datafield tag="300" ind1=" " ind2=" ">
   <subfield code="a">?? stran :</subfield>
   <subfield code="3">digital, PDF soubor</subfield>
  </datafield>
  <datafield tag="500" ind1=" " ind2=" ">
   <subfield code="a">Vedoucí práce: Martin Janíčko</subfield>
  </datafield>
  <datafield tag="502" ind1=" " ind2=" ">
   <subfield code="a">Diplomová práce (Ing.)—Vysoká škola ekonomická v Praze. Národohospodářská fakulta, 2019</subfield>
  </datafield>
  <datafield tag="504" ind1=" " ind2=" ">
   <subfield code="a">Obsahuje bibliografii</subfield>
  </datafield>
  <datafield tag="516" ind1=" " ind2=" ">
   <subfield code="a">Textový (vysokoškolská kvalifikační práce)</subfield>
  </datafield>
  <datafield tag="518" ind1=" " ind2=" ">
   <subfield code="a">Rok obhajoby 2019</subfield>
  </datafield>
  <datafield tag="520" ind1="3" ind2=" ">
   <subfield code="a">The goal of this thesis is to explore the impact of R&amp;D subsidy on firms’ performance. The companies’ employment, sales and productivity measures are observed on unique Czech dataset of firm level data for the period 2013 – 2018. The causal effect analysis is applied in form of difference-in-differences model estimation combined with CEM matching method (coarsened exact matching). The methodology is further applied to observe the post treatment years separately and to provide insights on role of firm size. The results indicate positive effect on employment and productivity in both short term and medium term. When observing the yearly post treatment effect, the estimates for first two years are lacking significance, however the third and fourth year estimates show positive and increasing effect on both sales and productivity of the companies. The positive effects of subsidy on productivity performance indicator are also found for the cases of micro and small firms compared to the large enterprises. The findings support (although with reservations) the hypothesis about positive effect of subsidy on firm’s performance, especially for micro and small firms.</subfield>
  </datafield>
  <datafield tag="538" ind1=" " ind2=" ">
   <subfield code="a">Způsob přístupu: Internet</subfield>
  </datafield>
  <datafield tag="653" ind1="0" ind2=" ">
   <subfield code="a">ekonomická analýza [obor dipl. práce]</subfield>
  </datafield>
  <datafield tag="655" ind1=" " ind2="7">
   <subfield code="a">diplomové práce</subfield>
   <subfield code="7">fd132022</subfield>
   <subfield code="2">czenas</subfield>
  </datafield>
  <datafield tag="655" ind1=" " ind2="9">
   <subfield code="a">master's theses</subfield>
   <subfield code="2">eczenas</subfield>
  </datafield>
  <datafield tag="690" ind1=" " ind2=" ">
   <subfield code="a">innovation subsidies</subfield>
  </datafield>
  <datafield tag="690" ind1=" " ind2=" ">
   <subfield code="a">CEM</subfield>
  </datafield>
  <datafield tag="690" ind1=" " ind2=" ">
   <subfield code="a">firm performance</subfield>
  </datafield>
  <datafield tag="690" ind1=" " ind2=" ">
   <subfield code="a">difference-in-differences</subfield>
  </datafield>
  <datafield tag="690" ind1=" " ind2=" ">
   <subfield code="a">SME</subfield>
  </datafield>
  <datafield tag="700" ind1="1" ind2=" ">
   <subfield code="a">Janíčko, Martin,</subfield>
   <subfield code="d">1983-</subfield>
   <subfield code="7">mzk2009521993</subfield>
   <subfield code="4">ths</subfield>
  </datafield>
  <datafield tag="700" ind1="1" ind2=" ">
   <subfield code="a">Cingl, Lubomír,</subfield>
   <subfield code="d">1984-</subfield>
   <subfield code="7">ola2017965306</subfield>
   <subfield code="4">opn</subfield>
  </datafield>
  <datafield tag="710" ind1="2" ind2=" ">
   <subfield code="a">Vysoká škola ekonomická v Praze.</subfield>
   <subfield code="b">Národohospodářská fakulta</subfield>
   <subfield code="7">kn20010709401</subfield>
   <subfield code="4">dgg</subfield>
  </datafield>
  <datafield tag="856" ind1="4" ind2="0">
   <subfield code="u">https://insis.vse.cz/zp/67084/podrobnosti</subfield>
   <subfield code="y">VŠKP v InSIS</subfield>
  </datafield>
  <datafield tag="856" ind1="4" ind2="0">
   <subfield code="u">https://insis.vse.cz/zp/67084</subfield>
   <subfield code="y">Hlavní práce</subfield>
  </datafield>
  <datafield tag="856" ind1="4" ind2="0">
   <subfield code="u">https://insis.vse.cz/zp/67084/posudek/vedouci</subfield>
   <subfield code="y">Hodnocení vedoucího</subfield>
  </datafield>
  <datafield tag="856" ind1="4" ind2="0">
   <subfield code="u">https://insis.vse.cz/zp/67084/posudek/oponent/63861</subfield>
   <subfield code="y">Oponentura</subfield>
  </datafield>
  <datafield tag="999" ind1="4" ind2="0">
   <subfield code="u">https://insis.vse.cz/zp/67084/podrobnosti</subfield>
   <subfield code="y">dc:identifier</subfield>
  </datafield>
  <datafield tag="993" ind1=" " ind2=" ">
   <subfield code="x">NEPOSILAT</subfield>
   <subfield code="y">VSKP</subfield>
  </datafield>
  <datafield tag="999" ind1="4" ind2="9">
   <subfield code="a">vse67084</subfield>
   <subfield code="b">190907</subfield>
  </datafield>
  <datafield tag="999" ind1="4" ind2="5">
   <subfield code="x">67084</subfield>
  </datafield>
 </record>
</collection>
